Biosafety clearing-house (Registro nro. 8024)

Detalles MARC
000 -CABECERA
Campo de control 00445nmm a22001697a 4500
005 - FECHA Y HORA DE LA ULTIMA TRANSACCION
Campo de control 20180803165522.0
008 - ELEMENTOS DE LONGITUD FIJA—INFORMACION GENERAL
Campo de control 131206b2012 ||||| |||| 00| 0 eng d
041 ## - IDIOMA
Código de idioma para texto/pista de sonido o título separado Inglés
-- Español
-- Francés
090 ## - CLASIFICACIÓN LOCAL
Colección LB
Consecutivo 05838D
110 ## - ASIENTO PRINCIPAL--NOMBRE CORPORATIVO
Nombre corporativo o de jurisdicción como elemento de entrada UNEP
245 ## - MENCION DE TITULO
Título Biosafety clearing-house
260 ## - PUBLICACION, DISTRIBUCION, ETC. (PIE DE IMPRENTA)
Lugar de publicación, distribución, etc. s.l.
Nombre del editor, distribuidor, etc. UNEP
Fecha de publicación, distribución, etc. 2012
300 ## - DESCRIPCION FISICA
Extensión Portal web,
Dimensiones 13 cm
490 ## - MENCION DE SERIE
Mención de serie Convention biological diversity
Designación numérica/secuencial del volumen 2012-03
505 ## - NOTA DE CONTENIDO
Nota de contenido Incluye contenido
942 ## - ELEMENTOS ADICIONALES (KOHA)
Sistema de clasificación Local
Tipo de ítem CD-ROM
Existencias
Withdrawn status Lost status Sistema de Clasificación Damaged status No para préstamo Colección Ubicación Permanente Ubicación actual Fecha de adquisición Total Checkouts Número topográfico Inventario / Código de Barras Date last seen Ejemplar Price effective from Forma de adquisición Tipo de material
    Local     Audiovisual Bogotá Bogotá 06/12/2013   LB-05838D 058961 06/12/2013 Ej. 1 06/12/2013   CD-ROM